Indian Economy : for civil services examination / (Record no. 438)

000 -LEADER
fixed length control field 00515nam a2200169Ia 4500
008 - FIXED-LENGTH DATA ELEMENTS--GENERAL INFORMATION
fixed length control field 190805s9999||||xx |||||||||||||| ||und||
020 ## - INTERNATIONAL STANDARD BOOK NUMBER
International Standard Book Number 9789353166366
Terms of availability Rs. 550.00
082 04 - DEWEY DECIMAL CLASSIFICATION NUMBER
Classification number 330.954076
Item number Si646
100 1# - MAIN ENTRY--PERSONAL NAME
Personal name Singh, Ramesh
245 10 - TITLE STATEMENT
Title Indian Economy : for civil services examination /
250 ## - EDITION STATEMENT
Edition statement 11th ed.
260 ## - PUBLICATION, DISTRIBUTION, ETC. (IMPRINT)
Place of publication, distribution, etc Chennai :
Name of publisher, distributor, etc McGraw Hill Education India,
Date of publication, distribution, etc 2019
300 ## - PHYSICAL DESCRIPTION
Extent various paginations
Other physical details :
Dimensions ; 24 cm.
650 #0 - SUBJECT ADDED ENTRY--TOPICAL TERM
Topical term or geographic name as entry element Economic policy
852 ## - LOCATION/CALL NUMBER
Location
942 ## - ADDED ENTRY ELEMENTS (KOHA)
Item type Books
Holdings
Withdrawn status Lost status Damaged status Not for loan Collection code Date acquired Date last seen Koha item type Permanent location Current location Shelving location Source of acquisition Cost, normal purchase price Full call number Barcode Public note
        Management Studies 2019-08-05 2019-08-05 Books                
        Management Studies 2019-07-05 2019-08-05 Books IMU Kochi Library IMU Kochi Library Fiction & General The Book Syndicate 550.00 330.954076 Si646 BK005694 Shelf-18, Row-3


Copyright © All Rights Reserved by Indian Maritime University, Kochi Campus.
For any Suggestions/Query Contact to library or Email: library.kochi@imu.ac.in Ph:(0484)-2989402
(Web OPAC Designed by Rudra Ranjan. Maintained by IMU Kochi Library)

Powered by Koha